Management Accounting / (Record no. 1134)

MARC details
000 -LEADER
Fixed length control field 00462nam a2200169 4500
003 - CONTROL NUMBER IDENTIFIER
Control field SEACOMMC
005 - DATE AND TIME OF LATEST TRANSACTION
Control field 20250506154255.0
008 - FIXED-LENGTH DATA ELEMENTS--GENERAL INFORMATION
Fixed length control field 250319b |||||||| |||| 00| 0 eng d
020 ## - INTERNATIONAL STANDARD BOOK NUMBER / ISBN
International Standard Book Number 978-81-8281-113-3
Price Rs.200.00
040 ## - CATALOGING SOURCE
Original cataloging agency SEACOMMC
082 ## - DEWEY DECIMAL CLASSIFICATION NUMBER
Classification number 657.42
Book Number P 266
100 ## - MAIN ENTRY--PERSONAL NAME
Personal name Pasha, Mohammed Arif.
245 1# - TITLE STATEMENT
Title Management Accounting /
Statement of responsibility Mohammed Arif Pasha
260 ## - IMPRINT
Place of publication Delhi
Name of publisher Vrinda Publications
Date of publication 20108
650 ## - SUBJECT ADDED ENTRY--TOPICAL TERM
Topical term Management
942 ## - ADDED ENTRY ELEMENTS (KOHA)
Koha item type Books
Holdings
Withdrawn status Lost status Source of classification Damaged status Not for loan Home library Current library Shelving location Date acquired Total Checkouts Call number Accession number Date last seen Price effective from Koha item type Copy number
    Dewey Decimal Classification     SEACOM MANAGEMENT COLLEGE SEACOM MANAGEMENT COLLEGE Reference 06/10/2009   657.42 P 266 M-2531 19/03/2025 19/03/2025 Books  
    Dewey Decimal Classification     SEACOM MANAGEMENT COLLEGE SEACOM MANAGEMENT COLLEGE   06/10/2009   657.42 P 266 M-2532 19/03/2025 19/03/2025 Books 1
    Dewey Decimal Classification     SEACOM MANAGEMENT COLLEGE SEACOM MANAGEMENT COLLEGE   06/10/2009   657.42 P 266 M-2533 19/03/2025 19/03/2025 Books 2
© Seacom Engineering College, All rights reserved.    Powered by Koha